[Event "Rapid 2018"]
[Site "Saint-Petersburg"]
[Date "2018.12.28"]
[Round "11"]
[Board "25"]
[White "Paravyan David (RUS)"]
[Black "Fridman Daniel (GER)"]
[Result "1-0"]
[LiveChessVersion "1.4.8"]
[BlackElo "2677"]
[WhiteElo "2611"]

1. d4 {[%clk 0:15:18]} d5 {[%clk 0:15:19]} 2. c4 {[%clk 0:15:28]} e6
{[%clk 0:15:28]} 3. Nf3 {[%clk 0:15:37]} Nf6 4. g3 dxc4 {[%clk 0:15:42]} 5. Bg2
{[%clk 0:15:55]} c5 {[%clk 0:15:51]} 6. O-O {[%clk 0:16:03]} Nc6 {[%clk 0:16:00]}
7. Nbd2 {[%clk 0:16:07]} cxd4 {[%clk 0:15:50]} 8. Nxc4 {[%clk 0:16:15]} Bc5
{[%clk 0:15:58]} 9. a3 {[%clk 0:16:24]} a5 {[%clk 0:15:54]} 10. b3
{[%clk 0:16:33]} O-O {[%clk 0:16:00]} 11. Bb2 {[%clk 0:16:43]} Qc7
{[%clk 0:15:37]} 12. Nxd4 {[%clk 0:15:54]} Rd8 {[%clk 0:15:45]} 13. Nb5
{[%clk 0:13:13]} Qe7 {[%clk 0:15:53]} 14. Qc1 {[%clk 0:11:39]} e5
{[%clk 0:09:09]} 15. Qc3 {[%clk 0:10:43]} e4 {[%clk 0:08:23]} 16. Rac1
{[%clk 0:09:59]} Bg4 {[%clk 0:07:07]} 17. Ne5 {[%clk 0:08:29]} Qxe5
{[%clk 0:05:21]} 18. Qxe5 {[%clk 0:08:35]} Nxe5 {[%clk 0:05:30]} 19. Rxc5
{[%clk 0:08:42]} Nc6 {[%clk 0:05:23]} 20. Re1 {[%clk 0:08:05]} Rd2
{[%clk 0:04:18]} 21. Bxf6 {[%clk 0:08:09]} gxf6 {[%clk 0:04:26]} 22. Nc3
{[%clk 0:07:12]} Kg7 {[%clk 0:03:18]} 23. Bxe4 {[%clk 0:07:06]} Nd4
{[%clk 0:03:24]} 24. f3 {[%clk 0:06:45]} Nxb3 {[%clk 0:03:30]} 25. Rc7
{[%clk 0:06:03]} Rc8 {[%clk 0:03:23]} 26. Rxc8 Bxc8 {[%clk 0:03:32]} 27. Kf2
{[%clk 0:03:49]} Nc5 {[%clk 0:03:20]} 28. Rb1 {[%clk 0:02:54]} f5
{[%clk 0:02:25]} 29. Bd5 {[%clk 0:02:44]} Rc2 {[%clk 0:02:32]} 30. Nd1
{[%clk 0:02:24]} Be6 {[%clk 0:02:25]} 31. Ne3 {[%clk 0:02:13]} Rc3
{[%clk 0:02:33]} 32. Rb5 {[%clk 0:01:59]} b6 {[%clk 0:02:31]} 33. Rxb6
{[%clk 0:01:46]} Rxa3 {[%clk 0:02:28]} 34. Rb5 {[%clk 0:01:38]} Nb3
{[%clk 0:01:36]} 35. Bxb3 {[%clk 0:00:36]} Bxb3 {[%clk 0:01:44]} 36. Nxf5+
{[%clk 0:00:45]} Kf6 {[%clk 0:01:53]} 37. Nd4 {[%clk 0:00:47]} a4
{[%clk 0:01:54]} 38. f4 {[%clk 0:00:43]} Bc4 {[%clk 0:01:47]} 39. Rb6+
{[%clk 0:00:52]} Ke7 {[%clk 0:01:55]} 40. Nc6+ {[%clk 0:00:42]} Kf8
{[%clk 0:02:02]} 41. Ne5 {[%clk 0:00:48]} Bd5 {[%clk 0:01:35]} 42. f5
{[%clk 0:00:39]} Kg7 {[%clk 0:00:43]} 43. Rd6 {[%clk 0:00:46]} Bb3
{[%clk 0:00:41]} 44. g4 {[%clk 0:00:46]} f6 {[%clk 0:00:36]} 45. Rd7+
{[%clk 0:00:34]} Kf8 {[%clk 0:00:35]} 46. Nd3 {[%clk 0:00:38]} Bc4
{[%clk 0:00:35]} 47. Nf4 {[%clk 0:00:29]} Ra1 {[%clk 0:00:32]} 48. Rc7
{[%clk 0:00:20]} Bb3 {[%clk 0:00:29]} 49. Ne6+ {[%clk 0:00:20]} Ke8
{[%clk 0:00:35]} 50. Nd4 {[%clk 0:00:17]} Bd5 {[%clk 0:00:37]} 51. Rc5
{[%clk 0:00:13]} Bf7 {[%clk 0:00:41]} 52. Ra5 {[%clk 0:00:18]} a3
{[%clk 0:00:50]} 53. Nc2 {[%clk 0:00:26]} Rh1 {[%clk 0:00:43]} 54. Kg2
{[%clk 0:00:36]} Rd1 {[%clk 0:00:45]} 55. Rxa3 {[%clk 0:00:40]} Rd2
{[%clk 0:00:54]} 56. Re3+ {[%clk 0:00:49]} Kf8 {[%clk 0:01:02]} 57. Ne1
{[%clk 0:00:56]} h5 {[%clk 0:01:08]} 58. Nf3 {[%clk 0:00:50]} Rd5
{[%clk 0:01:12]} 59. h3 {[%clk 0:00:58]} hxg4 {[%clk 0:01:21]} 60. hxg4
{[%clk 0:01:08]} Ra5 {[%clk 0:01:31]} 61. Kg3 {[%clk 0:01:17]} Ra2
{[%clk 0:01:37]} 62. Nd4 {[%clk 0:01:15]} Ra1 {[%clk 0:01:38]} 63. Ne6+
{[%clk 0:01:23]} Kg8 {[%clk 0:01:42]} 64. Re4 {[%clk 0:01:13]} Rg1+
{[%clk 0:01:46]} 65. Kf2 {[%clk 0:01:22]} Rh1 {[%clk 0:01:52]} 66. Nc7
{[%clk 0:01:24]} Kf8 {[%clk 0:01:58]} 67. Ne6+ {[%clk 0:01:30]} Kg8
{[%clk 0:01:58]} 68. Nf4 {[%clk 0:01:16]} Kf8 {[%clk 0:02:05]} 69. Rb4
{[%clk 0:01:22]} Rd1 {[%clk 0:02:04]} 70. Rb8+ Ke7 71. Ng6+ {[%clk 0:01:00]} Kd7
{[%clk 0:02:07]} 72. Rb7+ {[%clk 0:01:02]} 1-0

[Event "Rapid 2018"]
[Site "Saint-Petersburg"]
[Date "2018.12.28"]
[Round "11"]
[Board "26"]
[White "Riazantsev Alexander (RUS)"]
[Black "Hovhannisyan Robert (ARM)"]
[Result "1-0"]
[LiveChessVersion "1.4.8"]
[BlackElo "2549"]
[WhiteElo "2677"]

1. d4 {[%clk 0:15:19]} d5 {[%clk 0:15:18]} 2. c4 {[%clk 0:15:29]} e6
{[%clk 0:15:25]} 3. Nf3 {[%clk 0:15:36]} Nf6 {[%clk 0:15:32]} 4. Bg5
{[%clk 0:15:45]} dxc4 {[%clk 0:15:32]} 5. e4 {[%clk 0:15:40]} b5 {[%clk 0:15:35]}
6. a4 {[%clk 0:15:49]} c6 {[%clk 0:15:37]} 7. Nc3 {[%clk 0:15:58]} b4
{[%clk 0:15:36]} 8. Nb1 {[%clk 0:15:35]} Ba6 {[%clk 0:15:43]} 9. e5
{[%clk 0:13:59]} h6 {[%clk 0:15:45]} 10. Bxf6 {[%clk 0:14:08]} gxf6
{[%clk 0:15:52]} 11. exf6 {[%clk 0:14:17]} Qxf6 {[%clk 0:14:30]} 12. Nbd2
{[%clk 0:14:02]} c3 {[%clk 0:13:20]} 13. bxc3 bxc3 {[%clk 0:11:50]} 14. Ne4
{[%clk 0:14:19]} Qf4 {[%clk 0:11:46]} 15. Bd3 {[%clk 0:11:49]} Bb4
{[%clk 0:05:35]} 16. O-O {[%clk 0:11:42]} Rg8 {[%clk 0:05:31]} 17. g3
{[%clk 0:10:13]} c2 {[%clk 0:03:53]} 18. Qxc2 {[%clk 0:09:07]} Bxd3
{[%clk 0:03:19]} 19. Qxd3 {[%clk 0:09:16]} Rg4 {[%clk 0:03:28]} 20. Nc5
{[%clk 0:05:34]} Bxc5 {[%clk 0:02:20]} 21. dxc5 {[%clk 0:05:41]} Nd7
{[%clk 0:02:26]} 22. Rfd1 {[%clk 0:03:29]} Rd8 {[%clk 0:02:25]} 23. h3
{[%clk 0:02:52]} Rg8 {[%clk 0:02:07]} 24. Rac1 {[%clk 0:02:10]} Qc7
{[%clk 0:01:03]} 25. Kg2 {[%clk 0:01:30]} Nf8 {[%clk 0:00:12]} 26. Qxd8+
{[%clk 0:01:02]} Qxd8 {[%clk 0:00:21]} 27. Rxd8+ {[%clk 0:01:11]} Kxd8 28. Ne5
Kc7 {[%clk 0:00:25]} 29. Nxf7 {[%clk 0:01:27]} h5 {[%clk 0:00:32]} 30. Ne5
{[%clk 0:01:00]} Ng6 {[%clk 0:00:20]} 31. Nxg6 {[%clk 0:01:08]} Rxg6
{[%clk 0:00:29]} 32. f4 {[%clk 0:01:11]} Rf6 {[%clk 0:00:22]} 33. Kf3
{[%clk 0:00:30]} e5 {[%clk 0:00:19]} 34. Re1 {[%clk 0:00:33]} exf4
{[%clk 0:00:27]} 35. gxf4 {[%clk 0:00:43]} Kb7 {[%clk 0:00:24]} 36. Re5
{[%clk 0:00:45]} Ka6 {[%clk 0:00:24]} 37. f5 {[%clk 0:00:45]} Ka5
{[%clk 0:00:21]} 38. Kf4 {[%clk 0:00:54]} Rf8 {[%clk 0:00:24]} 39. Kg5
{[%clk 0:00:39]} Kxa4 {[%clk 0:00:12]} 40. f6 {[%clk 0:00:48]} a5
{[%clk 0:00:13]} 41. Kg6 {[%clk 0:00:57]} Kb4 {[%clk 0:00:15]} 42. f7
{[%clk 0:00:45]} a4 {[%clk 0:00:23]} 43. Rxh5 {[%clk 0:00:33]} a3
{[%clk 0:00:27]} 44. Rf5 {[%clk 0:00:40]} a2 {[%clk 0:00:14]} 45. Rf1
{[%clk 0:00:49]} Ra8 {[%clk 0:00:12]} 46. Kg7 {[%clk 0:00:57]} Kxc5
{[%clk 0:00:15]} 47. f8=Q+ {[%clk 0:01:02]} Rxf8 {[%clk 0:00:24]} 48. Kxf8
{[%clk 0:01:11]} Kb4 {[%clk 0:00:23]} 49. h4 {[%clk 0:01:16]} 1-0

[Event "Rapid 2018"]
[Site "Saint-Petersburg"]
[Date "2018.12.28"]
[Round "11"]
[Board "27"]
[White "Rakhmanov Aleksandr (RUS)"]
[Black "Shirov Alexei (ESP)"]
[Result "1/2-1/2"]
[LiveChessVersion "1.4.8"]
[BlackElo "2674"]
[WhiteElo "2613"]

1. Nf3 {[%clk 0:15:16]} d5 {[%clk 0:15:19]} 2. g3 {[%clk 0:15:24]} Bg4
{[%clk 0:15:28]} 3. Bg2 {[%clk 0:15:32]} Nd7 {[%clk 0:15:36]} 4. d4
{[%clk 0:15:41]} e6 {[%clk 0:15:11]} 5. O-O {[%clk 0:15:46]} Bd6 {[%clk 0:14:58]}
6. Nbd2 {[%clk 0:14:49]} Ngf6 {[%clk 0:14:51]} 7. Re1 {[%clk 0:14:20]} O-O
{[%clk 0:12:12]} 8. e4 {[%clk 0:12:33]} dxe4 {[%clk 0:12:19]} 9. Nxe4
{[%clk 0:12:41]} Nxe4 {[%clk 0:12:27]} 10. Rxe4 {[%clk 0:12:49]} Nf6
{[%clk 0:12:32]} 11. Re1 {[%clk 0:11:40]} c5 {[%clk 0:12:25]} 12. dxc5
{[%clk 0:09:12]} Bxc5 {[%clk 0:12:33]} 13. Qxd8 {[%clk 0:09:17]} Raxd8
{[%clk 0:12:01]} 14. Ne5 {[%clk 0:09:19]} Bf5 {[%clk 0:06:49]} 15. c3
{[%clk 0:09:27]} Nd5 {[%clk 0:05:49]} 16. a4 {[%clk 0:08:20]} a5 {[%clk 0:05:50]}
17. Nc4 {[%clk 0:04:33]} b6 {[%clk 0:05:56]} 18. Ne5 {[%clk 0:04:41]} Bc2
{[%clk 0:04:21]} 19. Nc6 {[%clk 0:03:39]} Rd7 {[%clk 0:04:29]} 20. Bxd5
{[%clk 0:01:34]} Rxd5 {[%clk 0:04:13]} 21. Be3 {[%clk 0:00:41]} Rc8
{[%clk 0:04:07]} 22. Bxc5 {[%clk 0:00:39]} Rxc6 {[%clk 0:04:14]} 23. Bd4
{[%clk 0:00:41]} f6 {[%clk 0:04:05]} 24. f4 {[%clk 0:00:49]} Kf7 {[%clk 0:03:36]}
25. Re2 {[%clk 0:00:58]} Bb3 {[%clk 0:02:27]} 26. Kf2 {[%clk 0:01:07]} b5
{[%clk 0:02:17]} 27. axb5 {[%clk 0:01:14]} Rxb5 {[%clk 0:02:26]} 28. Rd2
{[%clk 0:01:13]} Rd6 {[%clk 0:02:27]} 29. Be3 {[%clk 0:01:17]} Rxd2+
{[%clk 0:02:31]} 30. Bxd2 {[%clk 0:01:26]} a4 {[%clk 0:02:32]} 31. Re1
{[%clk 0:01:26]} Rd5 {[%clk 0:02:28]} 32. Bc1 {[%clk 0:01:28]} h5
{[%clk 0:02:15]} 33. Re4 {[%clk 0:01:36]} Rd1 {[%clk 0:02:20]} 34. Re1
{[%clk 0:01:45]} Rd8 {[%clk 0:00:38]} 35. Re4 {[%clk 0:01:53]} Rd1 1/2-1/2

[Event "Rapid 2018"]
[Site "Saint-Petersburg"]
[Date "2018.12.28"]
[Round "11"]
[Board "28"]
[White "Petrov Nikita (RUS)"]
[Black "Ponkratov Pavel (RUS)"]
[Result "0-1"]
[LiveChessVersion "1.4.8"]
[BlackElo "2650"]
[WhiteElo "2502"]

1. e4 {[%clk 0:15:17]} e5 {[%clk 0:15:19]} 2. Bc4 {[%clk 0:15:23]} Nc6
{[%clk 0:15:27]} 3. Nf3 {[%clk 0:15:30]} Nf6 {[%clk 0:15:35]} 4. d3
{[%clk 0:15:38]} h6 {[%clk 0:15:44]} 5. O-O {[%clk 0:15:32]} g5 {[%clk 0:15:52]}
6. d4 {[%clk 0:14:11]} exd4 {[%clk 0:16:01]} 7. Nxd4 {[%clk 0:11:57]} Ne5
{[%clk 0:16:10]} 8. Bb3 {[%clk 0:11:20]} Bc5 {[%clk 0:16:18]} 9. Nf3
{[%clk 0:09:47]} d6 {[%clk 0:13:48]} 10. Nxe5 {[%clk 0:09:51]} dxe5
{[%clk 0:13:57]} 11. Qe2 {[%clk 0:09:13]} Qe7 {[%clk 0:14:01]} 12. Be3
{[%clk 0:07:27]} Bxe3 {[%clk 0:09:15]} 13. Qxe3 {[%clk 0:07:32]} Nh5
{[%clk 0:09:00]} 14. Nc3 {[%clk 0:07:01]} c6 {[%clk 0:09:09]} 15. Ne2
{[%clk 0:06:43]} Nf4 {[%clk 0:09:16]} 16. Ng3 {[%clk 0:06:28]} O-O
{[%clk 0:07:13]} 17. Rad1 {[%clk 0:05:36]} Bg4 {[%clk 0:06:17]} 18. Nf5
{[%clk 0:04:33]} Bxf5 {[%clk 0:06:08]} 19. exf5 {[%clk 0:04:42]} a5
{[%clk 0:05:46]} 20. a4 {[%clk 0:03:00]} Rad8 {[%clk 0:05:51]} 21. Qb6
{[%clk 0:02:50]} e4 {[%clk 0:05:05]} 22. Rde1 {[%clk 0:02:16]} Rfe8
{[%clk 0:03:50]} 23. Qxa5 {[%clk 0:01:59]} Qf6 {[%clk 0:03:59]} 24. Qb6
{[%clk 0:01:33]} Rd7 {[%clk 0:02:55]} 25. g3 {[%clk 0:00:24]} Nh3+
{[%clk 0:02:35]} 26. Kg2 {[%clk 0:00:30]} Qxf5 {[%clk 0:02:43]} 27. Qe3
{[%clk 0:00:39]} g4 {[%clk 0:02:52]} 28. Kh1 {[%clk 0:00:15]} Kg7
{[%clk 0:02:38]} 29. Qc3+ {[%clk 0:00:14]} f6 {[%clk 0:02:36]} 30. Bc4
{[%clk 0:00:14]} Nxf2+ {[%clk 0:01:38]} 31. Kg1 {[%clk 0:00:13]} Nh3+
{[%clk 0:01:26]} 32. Kh1 {[%clk 0:00:15]} Qe5 {[%clk 0:01:28]} 33. Qe3
{[%clk 0:00:18]} Qd4 {[%clk 0:01:26]} 34. Qe2 {[%clk 0:00:25]} e3
{[%clk 0:01:28]} 35. Bd3 {[%clk 0:00:11]} Nf2+ {[%clk 0:01:06]} 36. Kg1
{[%clk 0:00:12]} Qd5 {[%clk 0:00:59]} 37. Rxf2 {[%clk 0:00:13]} exf2+
{[%clk 0:01:07]} 38. Qxf2 {[%clk 0:00:22]} Rxe1+ {[%clk 0:01:11]} 39. Qxe1
{[%clk 0:00:31]} Qc5+ {[%clk 0:01:14]} 40. Kf1 {[%clk 0:00:27]} Re7
{[%clk 0:01:19]} 41. Qd2 {[%clk 0:00:27]} h5 {[%clk 0:01:15]} 42. Qf4
{[%clk 0:00:29]} Qd5 {[%clk 0:01:05]} 43. Kg1 {[%clk 0:00:19]} Qe5
{[%clk 0:01:13]} 44. Qxe5 {[%clk 0:00:22]} Rxe5 {[%clk 0:01:22]} 45. Kf2
{[%clk 0:00:30]} Kh6 {[%clk 0:01:31]} 46. b4 {[%clk 0:00:38]} Kg5
{[%clk 0:01:40]} 47. c4 {[%clk 0:00:47]} c5 {[%clk 0:01:37]} 48. b5
{[%clk 0:00:50]} b6 {[%clk 0:01:46]} 0-1

[Event "Rapid 2018"]
[Site "Saint-Petersburg"]
[Date "2018.12.28"]
[Round "11"]
[Board "29"]
[White "Grigoriants Sergey (RUS)"]
[Black "Khanin Semen (RUS)"]
[Result "1/2-1/2"]
[LiveChessVersion "1.4.8"]
[BlackElo "2594"]
[WhiteElo "2640"]

1. Nf3 {[%clk 0:15:15]} Nf6 {[%clk 0:15:18]} 2. c4 {[%clk 0:15:21]} g6
{[%clk 0:15:25]} 3. Nc3 {[%clk 0:15:19]} Bg7 {[%clk 0:15:33]} 4. e4
{[%clk 0:15:20]} d6 {[%clk 0:15:42]} 5. d4 {[%clk 0:15:26]} O-O {[%clk 0:15:49]}
6. Be2 {[%clk 0:14:53]} e5 {[%clk 0:15:55]} 7. Be3 {[%clk 0:14:34]} Qe8
{[%clk 0:16:03]} 8. dxe5 {[%clk 0:11:09]} Ng4 {[%clk 0:16:12]} 9. Bg5
{[%clk 0:11:16]} Nxe5 {[%clk 0:16:15]} 10. O-O {[%clk 0:10:58]} f6
{[%clk 0:14:38]} 11. Be3 {[%clk 0:10:16]} Na6 {[%clk 0:13:25]} 12. Nd4
{[%clk 0:09:57]} Qf7 {[%clk 0:13:16]} 13. b3 {[%clk 0:09:38]} f5 {[%clk 0:12:52]}
14. exf5 {[%clk 0:08:55]} gxf5 {[%clk 0:12:54]} 15. Bh5 {[%clk 0:05:08]} Ng6
{[%clk 0:12:45]} 16. f4 {[%clk 0:05:09]} Nc5 {[%clk 0:12:08]} 17. Qd2
{[%clk 0:05:14]} Bd7 {[%clk 0:11:30]} 18. Rae1 {[%clk 0:05:12]} Rae8
{[%clk 0:11:34]} 19. Ndb5 {[%clk 0:03:41]} Bxb5 {[%clk 0:10:27]} 20. cxb5
{[%clk 0:03:25]} Kh8 {[%clk 0:09:12]} 21. Bd4 {[%clk 0:03:14]} Rxe1
{[%clk 0:08:25]} 22. Rxe1 {[%clk 0:03:21]} Re8 {[%clk 0:08:31]} 23. Bxg7+
{[%clk 0:02:39]} Kxg7 {[%clk 0:08:39]} 24. g3 {[%clk 0:02:43]} Rxe1+
{[%clk 0:07:20]} 25. Qxe1 {[%clk 0:02:52]} Qe7 {[%clk 0:07:25]} 26. Qxe7+
{[%clk 0:02:43]} Nxe7 {[%clk 0:07:33]} 27. Bf3 {[%clk 0:02:52]} c6
{[%clk 0:06:57]} 1/2-1/2

[Event "Rapid 2018"]
[Site "Saint-Petersburg"]
[Date "2018.12.28"]
[Round "11"]
[Board "30"]
[White "Tang Andrew (USA)"]
[Black "Mchedlishvili Mikheil (GEO)"]
[Result "1/2-1/2"]
[LiveChessVersion "1.4.8"]
[BlackElo "2637"]
[WhiteElo "2281"]

1. d4 {[%clk 0:15:18]} d5 {[%clk 0:15:15]} 2. Bf4 {[%clk 0:15:25]} Nf6
{[%clk 0:15:19]} 3. e3 {[%clk 0:15:31]} c5 {[%clk 0:15:14]} 4. Nc3
{[%clk 0:15:26]} cxd4 {[%clk 0:15:03]} 5. exd4 {[%clk 0:15:35]} a6
{[%clk 0:15:02]} 6. Nf3 {[%clk 0:15:42]} Bg4 {[%clk 0:14:28]} 7. h3
{[%clk 0:15:50]} Bxf3 {[%clk 0:14:17]} 8. Qxf3 {[%clk 0:15:58]} Nc6
{[%clk 0:14:15]} 9. O-O-O {[%clk 0:16:05]} e6 {[%clk 0:14:19]} 10. g4
{[%clk 0:16:13]} Bd6 {[%clk 0:12:29]} 11. h4 {[%clk 0:16:21]} Rc8
{[%clk 0:11:26]} 12. g5 {[%clk 0:15:09]} Bxf4+ {[%clk 0:11:13]} 13. Qxf4
{[%clk 0:15:17]} Nh5 {[%clk 0:11:16]} 14. Qe3 {[%clk 0:10:55]} Na5
{[%clk 0:10:25]} 15. Kb1 {[%clk 0:07:55]} g6 {[%clk 0:08:49]} 16. Be2
{[%clk 0:07:26]} Nc4 {[%clk 0:08:08]} 17. Qc1 {[%clk 0:07:04]} Ng7
{[%clk 0:06:25]} 18. h5 {[%clk 0:07:03]} Rg8 {[%clk 0:06:13]} 19. hxg6
{[%clk 0:07:04]} hxg6 {[%clk 0:06:22]} 20. Bd3 {[%clk 0:03:39]} Nh5
{[%clk 0:04:59]} 21. Rhe1 {[%clk 0:02:45]} Kf8 {[%clk 0:04:35]} 22. Ne2
{[%clk 0:02:04]} Qd6 {[%clk 0:04:33]} 23. Bxc4 {[%clk 0:02:08]} Rxc4
{[%clk 0:04:40]} 24. Qe3 {[%clk 0:02:14]} Ke7 {[%clk 0:02:04]} 25. Qf3
{[%clk 0:01:43]} Rf8 {[%clk 0:01:28]} 26. Ng3 {[%clk 0:01:19]} Nxg3
{[%clk 0:01:30]} 27. fxg3 {[%clk 0:01:28]} Kd8 {[%clk 0:01:25]} 28. c3
{[%clk 0:01:29]} Rc7 {[%clk 0:01:31]} 29. Rh1 {[%clk 0:01:01]} Kc8
{[%clk 0:01:31]} 30. Rh7 {[%clk 0:00:53]} Re7 {[%clk 0:00:55]} 31. Qf4
{[%clk 0:00:49]} e5 {[%clk 0:00:37]} 32. dxe5 {[%clk 0:00:39]} Qxe5
{[%clk 0:00:46]} 33. Rh2 {[%clk 0:00:40]} Qe4+ {[%clk 0:00:45]} 34. Kc1
{[%clk 0:00:43]} Rd8 {[%clk 0:00:27]} 35. Rhd2 {[%clk 0:00:44]} Qxf4
{[%clk 0:00:20]} 36. gxf4 {[%clk 0:00:53]} Re4 {[%clk 0:00:29]} 37. Rd4
{[%clk 0:00:37]} Rde8 {[%clk 0:00:32]} 38. a4 {[%clk 0:00:23]} Kc7
{[%clk 0:00:31]} 39. Rxd5 {[%clk 0:00:15]} Rxf4 {[%clk 0:00:40]} 40. Rc5+
{[%clk 0:00:24]} Kb8 {[%clk 0:00:45]} 41. a5 {[%clk 0:00:23]} Rf2
{[%clk 0:00:42]} 42. Rd2 {[%clk 0:00:27]} Rxd2 1/2-1/2

[Event "Rapid 2018"]
[Site "Saint-Petersburg"]
[Date "2018.12.28"]
[Round "11"]
[Board "31"]
[White "Potkin Vladimir (RUS)"]
[Black "Van Foreest Jorden (NED)"]
[Result "1/2-1/2"]
[LiveChessVersion "1.4.8"]
[BlackElo "2401"]
[WhiteElo "2635"]

1. c4 {[%clk 0:15:18]} e5 {[%clk 0:15:13]} 2. Nc3 {[%clk 0:15:26]} Nf6
{[%clk 0:15:16]} 3. Nf3 {[%clk 0:15:33]} Nc6 {[%clk 0:15:23]} 4. g3
{[%clk 0:15:37]} d5 {[%clk 0:15:24]} 5. cxd5 {[%clk 0:15:46]} Nxd5
{[%clk 0:15:32]} 6. Bg2 {[%clk 0:15:54]} Bc5 {[%clk 0:15:24]} 7. O-O
{[%clk 0:15:59]} O-O {[%clk 0:15:28]} 8. d3 {[%clk 0:16:07]} Re8 {[%clk 0:15:35]}
9. Qb3 {[%clk 0:16:14]} Nde7 {[%clk 0:15:36]} 10. Qc4 {[%clk 0:13:43]} Bb6
{[%clk 0:13:08]} 11. Na4 {[%clk 0:12:17]} Be6 {[%clk 0:12:59]} 12. Qh4
{[%clk 0:09:07]} f6 {[%clk 0:12:48]} 13. g4 {[%clk 0:06:54]} Qd7 {[%clk 0:12:16]}
14. h3 {[%clk 0:06:56]} Nb4 {[%clk 0:09:18]} 15. b3 {[%clk 0:06:35]} Nbd5
{[%clk 0:08:45]} 16. Qg3 {[%clk 0:06:10]} Rad8 {[%clk 0:08:31]} 17. Bd2
{[%clk 0:06:05]} Ng6 {[%clk 0:08:34]} 18. e3 {[%clk 0:06:00]} c6 {[%clk 0:07:20]}
19. Rfd1 {[%clk 0:05:53]} Bc7 {[%clk 0:07:17]} 20. Nc5 {[%clk 0:05:23]} Qe7
{[%clk 0:07:26]} 21. Ne4 {[%clk 0:05:21]} Nb4 {[%clk 0:07:35]} 22. Bxb4
{[%clk 0:05:18]} Qxb4 {[%clk 0:07:43]} 23. h4 {[%clk 0:05:01]} Qf8
{[%clk 0:07:10]} 24. h5 {[%clk 0:04:57]} Ne7 {[%clk 0:07:18]} 25. Nh4
{[%clk 0:04:56]} Kh8 {[%clk 0:06:43]} 26. Rac1 {[%clk 0:04:57]} Bc8
{[%clk 0:06:22]} 27. Bh3 {[%clk 0:04:26]} Rd5 {[%clk 0:05:13]} 28. Qf3
{[%clk 0:02:50]} Red8 {[%clk 0:05:10]} 29. Qe2 {[%clk 0:02:55]} Ng8
{[%clk 0:04:52]} 30. Kg2 {[%clk 0:03:00]} Nh6 {[%clk 0:05:00]} 31. Nc3
{[%clk 0:02:29]} R5d7 {[%clk 0:04:55]} 32. Ne4 {[%clk 0:02:38]} Rd5
{[%clk 0:04:46]} 33. Nc3 {[%clk 0:02:47]} Ra5 {[%clk 0:04:26]} 34. Rd2
{[%clk 0:02:44]} Bd6 {[%clk 0:04:14]} 35. Ne4 {[%clk 0:02:25]} Bb4
{[%clk 0:04:20]} 36. Rdc2 {[%clk 0:02:32]} Rad5 {[%clk 0:04:25]} 37. Rd1
{[%clk 0:02:41]} Qe7 {[%clk 0:04:08]} 38. Rc4 {[%clk 0:02:32]} b5
{[%clk 0:03:57]} 39. Rc2 {[%clk 0:02:19]} Qd7 {[%clk 0:03:54]} 40. Nf5
{[%clk 0:01:27]} Nxf5 {[%clk 0:03:22]} 41. gxf5 {[%clk 0:01:36]} h6
{[%clk 0:03:17]} 42. Bg4 {[%clk 0:01:43]} c5 {[%clk 0:03:17]} 43. Ng3
{[%clk 0:01:27]} Rxd3 {[%clk 0:03:19]} 44. Rxd3 {[%clk 0:01:34]} Qxd3
{[%clk 0:03:25]} 45. Qxd3 {[%clk 0:01:43]} Rxd3 {[%clk 0:03:34]} 46. Be2
{[%clk 0:01:50]} Bb7+ {[%clk 0:03:42]} 47. Kf1 {[%clk 0:01:45]} e4
{[%clk 0:03:46]} 48. f3 {[%clk 0:01:04]} Rxe3 {[%clk 0:03:37]} 49. Nxe4
{[%clk 0:01:13]} a6 {[%clk 0:03:20]} 50. Kf2 {[%clk 0:00:42]} Bxe4
{[%clk 0:03:28]} 51. fxe4 {[%clk 0:00:51]} Rxe4 {[%clk 0:03:37]} 52. Kg3
{[%clk 0:00:20]} Be1+ {[%clk 0:02:46]} 53. Kf3 {[%clk 0:00:21]} Re5
{[%clk 0:02:55]} 54. Kf4 {[%clk 0:00:29]} Bh4 {[%clk 0:03:02]} 55. Bf3
{[%clk 0:00:27]} Kg8 {[%clk 0:02:32]} 56. Bb7 {[%clk 0:00:19]} a5
{[%clk 0:02:33]} 57. Bc6 {[%clk 0:00:26]} Kf8 {[%clk 0:02:41]} 58. Bxb5
{[%clk 0:00:21]} Bg5+ 59. Kg4 Re4+ {[%clk 0:02:55]} 60. Kg3 {[%clk 0:00:40]} Re3+
{[%clk 0:02:56]} 61. Kg4 {[%clk 0:00:47]} Re4+ {[%clk 0:02:51]} 62. Kg3
{[%clk 0:00:56]} Re5 {[%clk 0:02:59]} 63. Kg4 {[%clk 0:01:04]} Ke7
{[%clk 0:03:08]} 64. Re2 {[%clk 0:01:00]} Be3 {[%clk 0:03:14]} 65. Kf3
{[%clk 0:01:03]} Bd4 {[%clk 0:02:18]} 1/2-1/2